La persona social: estudios y fragmentos

Uloženo v:
Podrobná bibliografie
Hlavní autor: Giner De Los Ríos, Francisco
Médium: Kniha
Jazyk:Undetermined
Vydáno: Madrid, España Julio Cosano 1924
Témata:
Tagy: Přidat tag
Žádné tagy, Buďte první, kdo vytvoří štítek k tomuto záznamu!

MARC

LEADER 00000nam a2200000Ia 4500
008 170316s9999 xx 000 0 und d
090 |a 100 G-30p 
100 |a Giner De Los Ríos, Francisco 
245 |a La persona social: estudios y fragmentos 
260 |a Madrid, España 
260 |b Julio Cosano 
260 |c 1924 
300 |a 307 páginas Tomo II 
650 |a FILOSOFÍA 
999 |c 16294  |d 16294 
040 |a cru BVZT 
942 |c 15 D  |h 100 G-30p  |2 z